000
00256nam a22001217a 4500
008
260316b ||||| |||| 00| 0 eng d
041
_a
eng
080
_a
2.1
100
_a
22
101
_a
ekon
245
_a
Raportimi Financiar
_c
IKAF
942
_2
udc
_c
BK
999
_c
60902
_d
60902